Ani správne, ani chybne

Bibliographic Details
Main Author: Burjan, Vladimír, 1960- (Author)
Format: Article
Language:Slovak
PhysicalDescription:Fotogr.
ISSN:1338-0338
Subjects:
Online Access:www.dobraskola. com

MARC

LEADER 00000nab a2200000 ar4500
001 vtls010596819
003 SK-MaSNL
005 20260304221308.0
008 140515c2014 xo qr|p||| |000 b|slo
015 |a SNBRB2014/05 
038 |a SPK 
040 |a SPKCL  |b slo  |c AACR2  |e AACR2 
041 0 |a slo 
044 |a xo  |c SK 
072 7 |a 371  |x Školstvo (organizácia)  |2 konspekt 
080 |a 371.26/.27  |x (079.1)  |2 2001 
100 1 |a Burjan, Vladimír,  |d 1960-  |4 aut  |9 104648 
245 1 0 |a Ani správne, ani chybne  |c Vladimír Burjan 
300 |b Fotogr. 
650 0 7 |a hodnotenie žiakov  |2 snkbucl  |9 3929 
650 0 7 |a úroveň vedomostí  |2 snkbucl  |9 473701 
650 0 7 |a testy  |2 snkbucl  |9 277938 
650 0 7 |a školská úspešnosť  |2 snkbucl  |9 70890 
773 0 |t Dobrá škola  |g Roč. V, č. 9 (2014), s. 19  |x 1338-0338 
852 |a SPK  |b KIS3GCP 
856 4 1 |u www.dobraskola. com 
999 |c 3157021  |d 3158951